The Best of wildlife art / (Record no. 26575)

000 -LEADER
fixed length control field 01030cam a2200277 a 4500
001 - CONTROL NUMBER
control field 4015005
005 - DATE AND TIME OF LATEST TRANSACTION
control field 20170204155954.0
008 - FIXED-LENGTH DATA ELEMENTS--GENERAL INFORMATION
fixed length control field 970220s1997 ohua 001 0 eng
010 ## - LIBRARY OF CONGRESS CONTROL NUMBER
LC control number 97007340
020 ## - INTERNATIONAL STANDARD BOOK NUMBER
International Standard Book Number 0891347437 (alk. paper)
050 00 - LIBRARY OF CONGRESS CALL NUMBER
Classification number N7660 .B48 1997
245 04 - TITLE STATEMENT
Title The Best of wildlife art /
Statement of responsibility, etc. edited by Rachel Rubin Wolf.
260 ## - PUBLICATION, DISTRIBUTION, ETC. (IMPRINT)
Place of publication, distribution, etc. Cincinnati, Ohio :
Name of publisher, distributor, etc. North Light Books,
Date of publication, distribution, etc. c1997.
300 ## - PHYSICAL DESCRIPTION
Extent 143 p. :
Other physical details col. ill. ;
Dimensions 31 cm.
500 ## - GENERAL NOTE
General note Includes index.
650 #0 - SUBJECT ADDED ENTRY--TOPICAL TERM
Topical term or geographic name as entry element Wildlife art.
700 1# - ADDED ENTRY--PERSONAL NAME
Personal name Rubin Wolf, Rachel,
Dates associated with a name 1951-
942 ## - ADDED ENTRY ELEMENTS (KOHA)
Source of classification or shelving scheme
Koha item type Hard Covered Materials
Holdings
Withdrawn status Lost status Source of classification or shelving scheme Damaged status Not for loan Home library Current library Shelving location Date acquired Source of acquisition Total Checkouts Full call number Barcode Date last seen Price effective from Koha item type
          MACHAKOS UNIVERSITY LIBRARY MACHAKOS UNIVERSITY LIBRARY Technical section 04/02/2017 Donation(BFA)   N7660 .B48 1997 34236 13/09/2018 04/02/2017 Hard Covered Materials
© Machakos University Library, Along The Highway, Machakos Wote Rd, Machakos, Kenya P.O. Box 136 - 90100 Machakos - Kenya

Tel: ( +254 ) 723 805829 OR Fax : 044-20353 OR Email: library@mksu.ac.ke